000 00339nam a2200145Ia 4500
008 191201s2019 xx 000 0 und d
082 _a615.32 KUT
100 _aKUMAR, N
245 0 _aText book of Pharmacognosy
250 _a3rd
260 _bAITBS Pub.
_aNew Delhi
_c2019
300 _a407
650 _aPharmacognosy
942 _2ddc
_cBK
999 _c8195
_d8195